000 00767nam a2200289Ia 4500
005 20260324130714.0
008 008 260324s9999 xx 000 0 eng d
020 _a9781351195034
037 _aEBOOK
040 _aCRL
040 _beng
040 _cCRL
041 _2eng
041 _aeng
084 _qCRL
100 _aDavid Gwyn
_91182792
245 0 _aUnderstanding the Workplace: A Research Framework for Industrial Archaeology in Britain: 2005
245 2 _bA Research Framework for Industrial Archaeology in Britain
260 _bTaylor and Francis
260 _c2007
365 _a
365 _b235
856 _uhttp://www.taylorfrancis.com/books/9781351195034
942 _cEBOOK
999 _c1779189
_d1779189